000 00342nam a2200145Ia 4500
008 100122s9999 xx 000 0 und d
082 _b26437
_a294.5924
100 _aCHINNAYA
245 _aTHE BHAGWAD GEETA
260 _bG.G.Y.COMM
_c1968
300 _a90
630 _aTHE BHAGWAD GEETA
730 _aTHE BHAGWAD GEETA
942 _cBOOK
999 _c368180
_d368177